000 00233nam a2200097Ia 4500
008 240331s9999 xx 000 0 und d
082 _bHET
100 _aHettiarachchy, T
245 4 _aThe Sinhala peasant in changing society
942 _cL
999 _c2224
_d2224